000 00793cam a2200265 i 4500
001 15896
003 BD-RjUL
005 20211208235915.0
008 140211s1976 enka b 001 0 eng
020 _a0070840644 :
035 _a(BD-RjUL)15951
040 _aDLC
_cDLC
_dDLC
_dBD-RjUL
_beng
041 _aeng
082 0 0 _a658.8
_bFIA 1976
100 1 _aFitzroy, Peter T.
_949283
245 1 0 _aAnalytical methods for marketing management /
_cPeter T. FitzRoy.
260 _aLondon ;
_aNew York :
_bMcGraw-Hill,
_cc1976.
300 _aviii, 336 p. :
_bill. ;
_c24 cm.
504 _aIncludes bibliographical references and indexes.
650 0 _aMarketing
_xManagement.
_949284
650 0 _aDecision making.
_949285
942 _2ddc
_cBK
999 _c15896
_d15896